[Event "Belgrade op"]
[Site "Belgrade"]
[Date "1989.??.??"]
[Round "7"]
[White "Carnic, Srdjan"]
[Black "Grigorov, Jordan N"]
[Result "0-1"]
[WhiteElo "2250"]
[BlackElo "2380"]

1.d4 f5 2.Nf3 g6 3.g3 Bg7 4.Bg2 Nf6 5.O-O O-O 6.c4 d6 7.Nc3 Qe8 8.b3 h6 9.Bb2 c6
10.Qc2 Na6 11.a3 e5 12.dxe5 dxe5 13.e4 Nc5 14.Nd2 f4 15.b4 Ne6 16.Nf3 Nh7
17.Nb1 Neg5 18.Nbd2 Nh3+ 19.Kh1 N7g5 20.c5 b5 21.cxb6 axb6 22.Nxg5 Nxg5 23.f3 fxg3
24.hxg3 Ba6 25.Rf2 Qe6 26.Kh2 Rac8 27.Re1 c5 28.bxc5 bxc5 29.Nb1 Rcd8 30.Re3 c4
31.Bf1 c3 32.Bxa6 Qh3+ 33.Kg1 Qxg3+ 34.Rg2 Nxf3+ 35.Rxf3 Qxf3 36.Nxc3 Qe3+
37.Kh2 Rf3 38.Kh1 Rh3+ 39.Rh2 Qe1+ 40.Kg2 Rxh2+  0-1

[Event "Elekes mem"]
[Site "Budapest"]
[Date "1989.??.??"]
[Round "?"]
[White "Heyken, Enno"]
[Black "Vasiukov, Evgeni"]
[Result "0-1"]
[WhiteElo "2450"]
[BlackElo "2510"]

1.d4 f5 2.Nf3 Nf6 3.g3 g6 4.Bg2 Bg7 5.O-O O-O 6.c4 d6 7.Nc3 Na6 8.b3 c6 9.Bb2 Qe8
10.d5 Bd7 11.Qd2 Rc8 12.Nd4 Nc5 13.Rac1 a5 14.Rfd1 Qf7 15.h3 Nfe4 16.Qe3 cxd5
17.cxd5 Nxc3 18.Rxc3 f4 19.gxf4 Qxf4 20.Qxf4 Rxf4 21.Rc2 Rcf8 22.e3 Rh4 23.Ba3 b6
24.Nc6 Bf6 25.Rc4 Rh5 26.Bxc5 dxc5 27.d6 e5 28.f4 Kg7 29.fxe5 Bxe5 30.Nxe5 Rxe5
31.e4 Rf4 32.Rc2 Rg5 33.Kh2 Kf6 34.Re2 h5 35.Rd5 Re5 36.Rxe5 Kxe5 37.Rd2 h4
38.Rd5+ Ke6 39.a3 Bc6 40.Rd2 Rf8 41.e5 Bd7 42.Be4 Kxe5 43.Bxg6 Rf3  0-1

[Event "Elekes mem"]
[Site "Budapest"]
[Date "1989.??.??"]
[Round "?"]
[White "Vegh, Endre"]
[Black "Zysk, Robert"]
[Result "1/2-1/2"]
[WhiteElo "2370"]
[BlackElo "2455"]

1.d4 f5 2.g3 Nf6 3.Bg2 g6 4.Nf3 Bg7 5.O-O O-O 6.c4 d6 7.Nc3 Qe8 8.b3 Na6
9.Ba3 c6 10.Qd3 Nc7 11.e4 fxe4 12.Nxe4 Bf5 13.Nxf6+ exf6 14.Qd2 Qd7 15.Nh4 Be6
16.Rfe1 Rfe8 17.d5 cxd5 18.cxd5 Bf7 19.Qd3 Qb5 20.Qc4 Qb6 21.Bb2 f5 22.Bxg7 Kxg7
23.Qc3+ Kg8 24.Qf6 Rxe1+ 25.Rxe1 Re8 26.Rxe8+ Nxe8 27.Qg5 Kf8 28.Qh6+ Kg8
29.Qg5 Kf8 30.Qh6+ Kg8  1/2-1/2

[Event "Elekes mem"]
[Site "Budapest"]
[Date "1989.??.??"]
[Round "?"]
[White "Danner, Georg"]
[Black "Zysk, Robert"]
[Result "0-1"]
[WhiteElo "2400"]
[BlackElo "2455"]

1.d4 f5 2.g3 Nf6 3.Bg2 g6 4.Nf3 Bg7 5.O-O O-O 6.c4 d6 7.Nc3 Qe8 8.b3 Na6
9.Ba3 c6 10.Qd3 Rb8 11.e4 b5 12.cxb5 cxb5 13.e5 b4 14.exf6 Bxf6 15.Bc1 bxc3
16.Bh6 Rf7 17.Ng5 Bxg5 18.Bxg5 Nb4 19.Qxc3 Bb7 20.Rfc1 Bxg2 21.Kxg2 Nd5 22.Qa5 e6
23.Rc4 f4 24.Rac1 Qf8 25.Qd2 f3+ 26.Kg1 Rd7 27.Qd3 Kg7 28.Qe4 Re8 29.Re1 h6
30.Bd2 Qf6 31.h3 Qf5 32.Kh2 Qxe4 33.Rxe4 g5 34.g4 Nf6 35.Re3 d5 36.Rc2 Rf7
37.Ba5 Ne4 38.Bc7 Kg6 39.Be5 h5 40.gxh5+ Kxh5 41.Re1 Kg6 42.Rec1 Kf5 43.Bg3 Rh7
44.Rc8 Rxc8 45.Rxc8 Rf7 46.Rc2 g4 47.hxg4+ Kxg4 48.Be5 Kf5 49.b4 Rh7+ 50.Kg1 Ng5
51.Rc3 Nh3+ 52.Kf1 Ng5 53.Kg1 Kg4 54.b5 Nh3+ 55.Kf1 Ng5 56.Kg1 Nh3+ 57.Kf1 Nf4
58.Ke1 Rh1+ 59.Kd2 Rf1 60.Rc7 Rxf2+ 61.Kc3 Rxa2 62.Rg7+ Kh3 63.Rh7+ Kg2 64.Rg7+ Kh1
65.Rh7+ Kg1 66.Bxf4 f2 67.Be3 Ra3+ 68.Kd2 Rxe3 69.Rg7+ Kh1 70.Rf7 Rg3 71.Rxf2 Rg2
72.Ke3 Rxf2 73.Kxf2 Kh2 74.Kf3 Kh3 75.Kf4 Kg2 76.Ke5 Kf3 77.Kxe6 Ke4 78.Kd6 Kxd4
79.Kc6 Kc4 80.b6 axb6  0-1

[Event "Cannes op"]
[Site "Cannes"]
[Date "1989.??.??"]
[Round "?"]
[White "Babault, Patrice"]
[Black "Videki, Sandor"]
[Result "0-1"]
[WhiteElo "2300"]
[BlackElo "2415"]

1.d4 f5 2.c4 g6 3.g3 Nf6 4.Bg2 Bg7 5.Nf3 O-O 6.O-O d6 7.d5 Na6 8.Nc3 Qe8
9.Nd4 Bd7 10.e4 fxe4 11.Nxe4 Nxe4 12.Bxe4 c6 13.Be3 Nc7 14.Qd2 c5 15.Ne2 b5
16.cxb5 Bf5 17.f3 Qxb5 18.Nc3 Qb4 19.Nd1 Rab8 20.Qc2 Qb7 21.g4 Bd7 22.Qd2 Nb5
23.Rb1 Nd4 24.b4 Qa6 25.Rf2 Rb6 26.Kg2 Rfb8 27.bxc5 Rxb1 28.Bxb1 Nxf3 29.Kxf3 Rxb1
30.c6 Bc8 31.h3 h5 32.Nc3 hxg4+ 33.hxg4 Rg1 34.Bd4 Bxg4+ 35.Ke4 Qc4 36.c7 Bxd4
37.Qxd4 Re1+ 38.Ne2 Rxe2+ 39.Rxe2 Qxe2+ 40.Kf4 Qf3+ 41.Kg5 Qf5+ 42.Kh4 g5+
43.Kg3 Qf3+ 44.Kh2 Qf4+  0-1

[Event "Caorle op"]
[Site "Caorle"]
[Date "1989.??.??"]
[Round "7"]
[White "Cazzaniga, Walter"]
[Black "Anceschi, Vittorio"]
[Result "1/2-1/2"]
[WhiteElo "1940"]
[BlackElo "2225"]

1.d4 f5 2.c4 Nf6 3.Nf3 g6 4.g3 Bg7 5.Bg2 O-O 6.O-O d6 7.Nc3 Nc6 8.d5 Na5
9.Nd2 c5 10.Qc2 a6 11.a4 Bd7 12.b3 Rb8 13.Bb2 Qb6 14.Rab1 Qc7 15.Ra1 Ng4
16.h3 Nf6 17.f4 Nh5 18.Kh2 b5 19.axb5 axb5 20.Nxb5 Bxb5 21.Bxg7 Nxg7 22.Qc3 Nxc4
23.bxc4 Bd7 24.Ra2 Rb7 25.Rfa1 Rfb8 26.Bf3 Qb6 27.Rb1 Qd8 28.Rba1 Rb4 29.Kg2 Qe8
30.Kf2 Ra4 31.Nb3 Rbb4 32.Na5 Rxa2 33.Rxa2 e5 34.dxe6 Nxe6 35.Bd5 h5 36.Nb7 Qf8
37.Qe3 Kh7 38.Ra7 Qb8 39.Qa3 Nd4 40.Nxc5 dxc5 41.Rxd7+ Kh6 42.Qa7 Qxa7 43.Rxa7 Rb2
44.Re7 g5  1/2-1/2

[Event "Chianciano tt"]
[Site "Chianciano"]
[Date "1989.??.??"]
[Round "?"]
[White "Stanojevic, Branko"]
[Black "Palatnik, Semon"]
[Result "1-0"]
[WhiteElo "2360"]
[BlackElo "2470"]

1.d4 f5 2.Nf3 Nf6 3.g3 g6 4.Bg2 Bg7 5.O-O O-O 6.c4 d6 7.Nc3 c6 8.Bf4 h6 9.h4 Nh5
10.Qd2 Nxf4 11.Qxf4 e5 12.dxe5 dxe5 13.Qe3 Nd7 14.Rad1 Qe7 15.Rd2 e4 16.Rfd1 Re8
17.Nh2 Nb6 18.b3 Be6 19.Nf1 Bxc4 20.bxc4 Nxc4 21.Qf4 Nxd2 22.Qxd2 Rad8 23.Qc2 Qb4
24.Nb1 Qb2 25.Qc4+ Kh7 26.Nbd2 Qb5 27.Rb1 Qxc4 28.Nxc4 b6 29.h5 g5 30.Nce3 f4
31.Nf5 Rd5 32.g4 Bf8 33.Rc1 Bc5 34.Rc4 Rde5 35.Nd2 e3 36.Ne4 exf2+ 37.Kf1 Rd8
38.Nxc5 bxc5 39.Ra4 Rd7 40.Bxc6 Rc7 41.Bb5 Re6 42.Bd3 Kh8 43.Kxf2 c4 44.Rxc4 Rxc4
45.Bxc4 Rb6 46.a4 Rb4 47.Bb5 a6 48.Bxa6 Rxa4 49.Bb5 Rb4 50.Be8 Rb6 51.Bg6 Kg8
52.Nxh6+ Kg7 53.Nf5+ Kf6 54.Nd4 Rd6 55.Nf3 Rd1 56.Bd3 Ra1 57.Kg2 Ra8 58.h6 Rh8
59.h7 Rc8 60.Bf5 Re8 61.Kf2 Ra8 62.Be4 Rh8 63.Ke1 Rb8 64.Kf1 Rh8 65.Kf2 Rb8
66.Bd5 Kg7 67.Nxg5 Rb5 68.Ne6+ Kxh7 69.Nxf4 Kh6 70.Bf3  1-0

[Event "DEN-chB"]
[Site "DEN"]
[Date "1989.??.??"]
[Round "?"]
[White "Bang, Andreas"]
[Black "Nielsen, Thomas Bach"]
[Result "1-0"]
[WhiteElo "2315"]
[BlackElo "2295"]

1.Nf3 f5 2.c4 Nf6 3.g3 g6 4.Bg2 Bg7 5.O-O O-O 6.d4 d6 7.Nc3 Nc6 8.d5 Ne5
9.Nxe5 dxe5 10.Qb3 h6 11.e4 f4 12.gxf4 exf4 13.Bxf4 Nxe4 14.Ne2 Rxf4 15.Nxf4 Nd2
16.Qe3 Nxf1 17.Rxf1 Qd6 18.Nd3 Bf5 19.Be4 Rf8 20.Re1 e6 21.Bxf5 exf5 22.Qxa7 f4
23.Re6 Qd8 24.f3 Qg5+ 25.Kf1 Qf5 26.Ke2 Bxb2 27.Qxb7 Bd4 28.Qxc7 Qg5 29.Ne5 Qg2+
30.Kd3 Bxe5 31.Qxe5 Qxf3+ 32.Kc2 Qg2+ 33.Kb3 Qg1 34.Kb4 Qb1+ 35.Kc5 Qg1+
36.Kc6 Qa7 37.Re7 Rc8+ 38.Rc7 Qa4+ 39.Kd6 Qb4+ 40.c5 Qb8 41.Qe6+  1-0

[Event "DEN-chT8990"]
[Site "DEN"]
[Date "1989.??.??"]
[Round "7"]
[White "Sorensen, Bent"]
[Black "Kristensen, Bjarke"]
[Result "0-1"]
[WhiteElo "2325"]
[BlackElo "2385"]

1.c4 f5 2.d4 Nf6 3.g3 g6 4.Bg2 Bg7 5.Nf3 O-O 6.O-O d6 7.d5 Na6 8.Nc3 Bd7
9.Nd4 Qe8 10.b3 c6 11.Ba3 Rc8 12.Rc1 Qf7 13.e3 h6 14.Qe2 g5 15.Rfd1 Kh8 16.Rd2 Qg6
17.e4 fxe4 18.Nxe4 Ng4 19.dxc6 bxc6 20.h3 c5 21.Nb5 Ne5 22.Nbxd6 Rc6 23.Nb5 Bxh3
24.Bxh3 Nf3+ 25.Kg2 g4 26.Rd3 Qh5 27.Rh1 gxh3+ 28.Rxh3 Qxh3+ 29.Kxh3 Ng1+  0-1

[Event "FIN-chT"]
[Site "?"]
[Date "1989.??.??"]
[Round "?"]
[White "Lehikoinen, Pertti Ilari"]
[Black "Kauppinen, Martti"]
[Result "1-0"]
[WhiteElo "2250"]
[BlackElo "2230"]

1.c4 f5 2.d4 Nf6 3.g3 g6 4.Bg2 Bg7 5.Nf3 O-O 6.O-O d6 7.Nc3 c6 8.d5 e5 9.dxe6 Bxe6
10.Qd3 Na6 11.Ng5 Qe7 12.Bf4 Rfd8 13.Rad1 Ne8 14.Qe3 Nec7 15.Nd5 cxd5 16.cxd5 h6
17.Nxe6 g5 18.Nxd8 Qxd8 19.Bh3 Qf6 20.Bxd6 Qxd6 21.Bxf5 Bxb2 22.Qb3 Be5 23.Qxb7 Nc5
24.Qb4 N7a6 25.Qg4 Bg7 26.h4 gxh4 27.Qxh4 Rf8 28.Bb1 Nd7 29.Qe4 Nac5 30.Qh7+ Kf7
31.Rd4 Rd8 32.Rg4 Qe5 33.Qg6+ Kg8 34.Qxh6 Nf8 35.e4 Rb8 36.Rg5 Qe7 37.d6  1-0

[Event "FRA-chT"]
[Site "?"]
[Date "1989.??.??"]
[Round "?"]
[White "Ivkov, Borislav"]
[Black "San Marco, Bruno"]
[Result "1-0"]
[WhiteElo "2460"]
[BlackElo "2330"]

1.Nf3 f5 2.g3 Nf6 3.Bg2 g6 4.O-O Bg7 5.d4 O-O 6.c4 d6 7.d5 Na6 8.Nc3 Bd7
9.Nd4 Qe8 10.Rb1 c6 11.b3 Nc7 12.Bb2 Rd8 13.e3 e5 14.dxe6 Nxe6 15.Nxe6 Bxe6
16.Qe2 d5 17.cxd5 Nxd5 18.Nxd5 Bxd5 19.Bxd5+ Rxd5 20.Bxg7 Kxg7 21.Rbd1 Rxd1
22.Rxd1 Qe5 23.Qc4 Rf7 24.Rd8 a6 25.b4 g5 26.Rd4 h6 27.Kg2 Re7 28.a4 Qf6
29.Qc5 Qf7 30.Rd6 Kh7 31.Rd8 Rd7 32.Rf8 Qd5+ 33.Qxd5 cxd5 34.Rxf5 Kg6 35.Re5 Kf6
36.f4 d4 37.Kf2 d3 38.Ke1 d2+ 39.Kd1 Rd3 40.e4 Rd4 41.a5 Rxb4 42.Kxd2 Rb2+
43.Ke3 Rxh2 44.Rf5+ Kg6 45.Rd5 Ra2 46.f5+ Kh5 47.e5 Ra3+ 48.Ke4 Rxg3 49.e6 Rg1
50.Rd3  1-0

[Event "FRA-chT"]
[Site "?"]
[Date "1989.??.??"]
[Round "?"]
[White "Dezan, Pierre"]
[Black "Boulard, Eric"]
[Result "1/2-1/2"]
[WhiteElo "2240"]
[BlackElo "2260"]

1.d4 f5 2.c4 Nf6 3.Nf3 g6 4.g3 Bg7 5.Bg2 O-O 6.O-O d6 7.Nc3 c6 8.d5 e5 9.dxe6 Bxe6
10.Qd3 Na6 11.Bf4 Ne4 12.Nxe4 fxe4 13.Qxe4 Bf5 14.Qe3 Qb6 15.Qxb6 axb6 16.Bxd6 Rfe8
17.Nh4 Be6 18.Rac1 Bxb2 19.Rc2 Bg7 20.e4 Nc5 21.Rb1 Nd7 22.f4 Ra4 23.Rb4 Rea8
24.Rxa4 Bd4+ 25.Kh1 Rxa4 26.Bf1 Bc5 27.Bxc5 Nxc5 28.e5 Ra3 29.Be2 Na4 30.Rd2 Rc3
31.Nf3 h6 32.Nh4 Kf7 33.Bd3 g5 34.Nf5 Bxf5 35.Bxf5 Nc5 36.Rd6 gxf4 37.gxf4 Rxc4
38.Bg6+ Kg7 39.f5 Re4 40.e6 Nxe6 41.Rd7+ Kf6 42.Rxb7 Nf4 43.Kg1 Rb4 44.Be8 c5
45.Rh7 h5 46.Bxh5 Nxh5 47.Rxh5 Rb2 48.Rh3 c4 49.a4 Kxf5 50.Kf1 Ra2 51.Rh6 Ke4
52.Ke1 Kd3 53.Rd6+ Kc3 54.h4 Rh2 55.Rxb6 Rxh4 56.a5 Rh1+ 57.Ke2 Ra1 58.a6 Kc2
59.Rc6 c3 60.Ke3 Ra4 61.Ke2 Re4+ 62.Kf3 Re7 63.Rb6  1/2-1/2

[Event "Dreszer op"]
[Site "Gdynia"]
[Date "1989.??.??"]
[Round "7"]
[White "Matlak, Marek"]
[Black "Sarwinski, Miroslaw"]
[Result "1-0"]
[WhiteElo "2420"]
[BlackElo "2395"]

1.d4 f5 2.Nf3 Nf6 3.g3 g6 4.Bg2 Bg7 5.O-O O-O 6.c4 d6 7.Nc3 Nc6 8.d5 Na5
9.Qc2 c5 10.b3 a6 11.Rb1 Rb8 12.a4 b5 13.axb5 axb5 14.cxb5 Bd7 15.b4 cxb4
16.Rxb4 Qc7 17.Nd4 Qc5 18.Ra4 Ng4 19.Ba3 Qb6 20.Nc6 Ra8 21.Nxe7+ Kf7 22.Nc6 Rfe8
23.Bxd6 Nb7 24.Rxa8 Rxa8 25.Bb4 Re8 26.h3 Nf6 27.e3 h5 28.Qd3 h4 29.gxh4 Nc5
30.Qc4 Nce4 31.Nxe4 Nxe4 32.Ba5 Qc5 33.Qxc5 Nxc5 34.Bc7 Bf6 35.b6 Nb7 36.Rd1 Kg7
37.Rd2 Nc5 38.Ra2 Bc8 39.Ra7 Kg8 40.Na5  1-0

[Event "EU-chT"]
[Site "Haifa"]
[Date "1989.??.??"]
[Round "3"]
[White "Tisdall, Jonathan D"]
[Black "Yrjola, Jouni"]
[Result "1/2-1/2"]
[WhiteElo "2465"]
[BlackElo "2460"]

1.Nf3 f5 2.d4 Nf6 3.c4 g6 4.g3 Bg7 5.Bg2 O-O 6.O-O d6 7.Nc3 Qe8 8.d5 Na6
9.Nd4 Bd7 10.e4 fxe4 11.Nxe4 Nxe4 12.Bxe4 c6 13.Rb1 Nc7 14.Be3 c5 15.Ne2 b5
16.b3 a5 17.h4 Bf5 18.Bxf5 Rxf5 19.Nf4 a4 20.Qc2 axb3 21.axb3 Qd7 22.b4 Raf8
23.bxc5  1/2-1/2

[Event "EU-chT"]
[Site "Haifa"]
[Date "1989.??.??"]
[Round "9"]
[White "Brestian, Egon"]
[Black "Hodgson, Julian M"]
[Result "1/2-1/2"]
[WhiteElo "2465"]
[BlackElo "2535"]

1.c4 f5 2.d4 Nf6 3.g3 g6 4.Bg2 Bg7 5.Nf3 O-O 6.O-O d6 7.Nc3 Kh8 8.Bg5 c6
9.Qd2 Be6 10.d5 Bg8 11.Bh6 Bxh6 12.Qxh6 cxd5 13.Nh4 Bf7 14.Nxd5 Nbd7 15.b3 Rg8
16.Nxf6 Nxf6 17.Qe3 Qd7 18.Rfd1 g5 19.Nf3 h6 20.Rac1 Rg7  1/2-1/2

[Event "HUN-ch"]
[Site "?"]
[Date "1989.??.??"]
[Round "?"]
[White "Petran, Pal"]
[Black "Tolnai, Tibor"]
[Result "1/2-1/2"]
[WhiteElo "2440"]
[BlackElo "2480"]

1.d4 f5 2.g3 Nf6 3.Bg2 g6 4.Nf3 Bg7 5.O-O O-O 6.c4 d6 7.Nc3 Qe8 8.b3 c6 9.Ba3 Na6
10.Qd3 h6 11.e4 fxe4 12.Nxe4 Nxe4 13.Qxe4 Bf5 14.Qe3 g5 15.h3 Qf7 16.Rae1 Rae8  1/2-1/2

[Event "Kiev"]
[Site "Kiev"]
[Date "1989.??.??"]
[Round "?"]
[White "Zhidkov, Valery S"]
[Black "Palatnik, Semon"]
[Result "1/2-1/2"]
[WhiteElo "2460"]
[BlackElo "2460"]

1.d4 f5 2.Nf3 Nf6 3.g3 g6 4.Bg2 Bg7 5.O-O O-O 6.c4 d6 7.Nbd2 c6 8.Qc2 Kh8
9.b3 Be6 10.Bb2 d5 11.Ne1 Ne4 12.Ndf3 Nd7 13.Nd3 Rc8  1/2-1/2

[Event "Kiev"]
[Site "Kiev"]
[Date "1989.??.??"]
[Round "?"]
[White "Tsarev, V."]
[Black "Malaniuk, Vladimir P"]
[Result "1-0"]
[WhiteElo "2415"]
[BlackElo "2560"]

1.d4 f5 2.g3 Nf6 3.Nf3 g6 4.Bg2 Bg7 5.O-O O-O 6.c4 d6 7.Nc3 Qe8 8.b3 e5 9.dxe5 dxe5
10.e4 Nc6 11.Ba3 Rf7 12.Ng5 Rd7 13.Qb1 h6 14.Nf3 f4 15.gxf4 Nh5 16.f5 Nf4
17.Nd5 Nxg2 18.Kxg2 gxf5 19.exf5 Qh5 20.Qe4 Rf7 21.Nh4 Bxf5 22.Nxf5 Rxf5
23.Rae1 Rd8 24.Re3 Rd7 25.Rh3 Rg5+ 26.Rg3 Rf7 27.Bc1 Rgf5 28.Be3 Kh8 29.Kh1 Rd7
30.Qg2 Qf7 31.Rg1 Nd4 32.f4 Ne6 33.fxe5 Rxe5 34.Bxh6 Bxh6 35.Rg8+ Kh7 36.Nf6+  1-0

[Event "Leningrad2"]
[Site "Leningrad"]
[Date "1989.??.??"]
[Round "?"]
[White "Gdanski, Przemyslaw"]
[Black "Horvath, Csaba"]
[Result "0-1"]
[WhiteElo "2350"]
[BlackElo "2470"]

1.Nf3 f5 2.g3 g6 3.Bg2 Bg7 4.d4 Nf6 5.O-O O-O 6.c4 d6 7.Nc3 Qe8 8.b3 Na6
9.Ba3 c6 10.Rc1 Rb8 11.Bb2 b5 12.cxb5 cxb5 13.d5 Nc7 14.b4 a5 15.a3 axb4
16.axb4 Bb7 17.Qb3 Kh8 18.Rfd1 h6 19.Nd4 Ba8 20.Ra1 Ng4 21.Ra7 Rb7 22.Qa2 f4
23.Rxb7 Bxb7 24.Qa5 fxg3 25.hxg3 Qf7 26.Nf3 Nxd5 27.Qxb5 Ba8 28.Nxd5 Bxb2
29.Nc7 Be4 30.Qb6 Qc4 31.Bf1 Qb3 32.Rd4 Bxf3 33.exf3 Ne5 34.Bg2 Nxf3+ 35.Bxf3 Qxf3
36.Rd2 Bc3 37.Ra2 Qd1+ 38.Kg2 Bd4  0-1

[Event "Lugano op"]
[Site "Lugano"]
[Date "1989.??.??"]
[Round "7"]
[White "Danner, Georg"]
[Black "Becx, Cesar"]
[Result "0-1"]
[WhiteElo "2400"]
[BlackElo "2315"]

1.d4 f5 2.g3 Nf6 3.Bg2 g6 4.Nf3 Bg7 5.O-O O-O 6.c4 d6 7.Nc3 Nc6 8.d5 Na5
9.Qd3 c5 10.Bd2 Rb8 11.Rae1 a6 12.Ng5 Ng4 13.f4 b5 14.b3 bxc4 15.bxc4 Rb2
16.Nf3 Bd7 17.e4 Bb5 18.cxb5 c4 19.Qe2 Bxc3 20.exf5 Bxd2 21.Nxd2 gxf5 22.Be4 Rxd2
23.Qxd2 fxe4 24.bxa6 Qb6+ 25.Kg2 Nf6 26.f5 Qc5 27.Rf4 c3 28.Qc1 Rc8 29.Rf2 Qxd5
30.Rc2 Qc6 31.Kh3 d5 32.Qe3 Qxa6 33.Rxc3 Nc4 34.Qd4 Qxa2 35.g4 h6 36.Kg3 Rb8
37.h3 Rb2 38.Kh4 Rg2 39.Qc5 Rxg4+  0-1

[Event "Moscow2"]
[Site "Moscow"]
[Date "1989.??.??"]
[Round "?"]
[White "Umansky, Vladimir"]
[Black "Ageichenko, Genadi A"]
[Result "1/2-1/2"]
[WhiteElo "2330"]
[BlackElo "2340"]

1.d4 f5 2.Nf3 Nf6 3.g3 g6 4.Bg2 Bg7 5.O-O O-O 6.c4 d6 7.Nc3 Qe8 8.b3 c6 9.Ba3 Na6
10.Qd3 Rb8 11.e4 b5 12.e5 b4 13.exf6 Bxf6 14.Bb2 bxc3 15.Bxc3 Qf7 16.Qe3 Qg7  1/2-1/2

[Event "Novi Sad op"]
[Site "Novi Sad"]
[Date "1989.??.??"]
[Round "4"]
[White "Levin, Felix"]
[Black "Tabatadze, Tamaz"]
[Result "1-0"]
[WhiteElo "2305"]
[BlackElo "2365"]

1.d4 f5 2.g3 Nf6 3.Bg2 g6 4.c4 Bg7 5.Nf3 O-O 6.O-O d6 7.Nc3 c6 8.d5 e5 9.dxe6 Bxe6
10.Qd3 Na6 11.Ng5 Qd7 12.Bf4 Ne8 13.b3 Kh8 14.Nxe6 Qxe6 15.Rac1 Nc5 16.Qe3 a5
17.Rfd1 Be5 18.Bxe5+ Qxe5 19.Qd4 Rf7 20.e3 Kg7 21.Rb1 Rd7 22.a3 Nf6 23.b4 axb4
24.axb4 Ne6 25.Qd2 Ra3 26.Rdc1 Nc7 27.b5 Qc5 28.bxc6 bxc6 29.Ne2 Re7 30.Nd4 Ne4
31.Qb2 Kh6 32.Nxc6 Re8 33.Nd4 Rea8 34.Bxe4 fxe4 35.Qb7 Re8 36.Nb3 Qa7 37.Qc6 Ra6
38.Qd7 Qb8 39.c5 d5 40.Nd4 Qd8 41.Qh3+ Kg7 42.Rb7 Rf6 43.Ra1 Re7 44.Raa7 Ref7
45.g4 Qc8 46.Qg3 Na6 47.g5 Rf4 48.Qxf4 Rxb7 49.Rxb7+ Qxb7 50.Qf6+ Kg8 51.Ne6  1-0

[Event "Kotov mem"]
[Site "Odessa"]
[Date "1989.??.??"]
[Round "?"]
[White "Kolev, Atanas"]
[Black "Pyhala, Antti"]
[Result "1-0"]
[WhiteElo "2425"]
[BlackElo "2385"]

1.d4 f5 2.g3 Nf6 3.Bg2 g6 4.Nf3 Bg7 5.O-O O-O 6.c4 d6 7.Nc3 Qe8 8.Nd5 Nxd5
9.cxd5 Qb5 10.Ne1 a5 11.e3 a4 12.Nc2 c6 13.Na3 Qb6 14.b3 cxd5 15.Bxd5+ e6
16.Bf3 d5 17.Rb1 axb3 18.Rxb3 Qc6 19.Bb2 Bd7 20.Qd2 Qc8 21.Rc1 Bc6 22.Nc2 Na6
23.Ba3 Rf7 24.Ne1 g5 25.Nd3 Qd8 26.Be2 Rc7 27.Qa5 f4 28.Qd2 fxe3 29.Qxe3 Kh8
30.Ne5 Be8 31.Rcb1 Rac8 32.Bg4 Qf6 33.Bd6 Rc2 34.Nf3 Bg6 35.Be5 Qf8 36.Nxg5 Rxa2
37.Nxe6 Bxb1 38.Nxf8 Be4 39.Ng6+ Bxg6 40.Bxg7+  1-0

[Event "Pancevo"]
[Site "Pancevo"]
[Date "1989.??.??"]
[Round "6"]
[White "Karpman, Vadim"]
[Black "Grigorov, Jordan N"]
[Result "1-0"]
[WhiteElo "2480"]
[BlackElo "2360"]

1.d4 f5 2.g3 g6 3.Bg2 Bg7 4.Nf3 Nf6 5.O-O O-O 6.c4 d6 7.b3 Qe8 8.Bb2 Na6
9.Nbd2 e5 10.dxe5 Ng4 11.Ba3 Nxe5 12.Rc1 Nc6 13.Nb1 Bh6 14.e3 Nab4 15.Nc3 a5
16.Nd5 Qd8 17.Qd2 Bg7 18.Rfd1 Kh8 19.Bb2 Ne5 20.Nxb4 Nxf3+ 21.Bxf3 axb4 22.Bxg7+ Kxg7
23.c5 d5 24.c6 bxc6 25.Rxc6 Ra6 26.Rxa6 Bxa6 27.Qxb4 c6 28.Rc1 Rf6 29.Qd4 Bb7
30.a4 Qa8 31.Bxd5  1-0

[Event "Philadelphia"]
[Site "Philadelphia"]
[Date "1989.??.??"]
[Round "5"]
[White "Shahade, Michael"]
[Black "Leow Leslie M"]
[Result "0-1"]
[WhiteElo "2315"]
[BlackElo "2445"]

1.Nf3 f5 2.d4 Nf6 3.g3 g6 4.Bg2 Bg7 5.O-O O-O 6.c4 d6 7.Nc3 c6 8.d5 Bd7 9.Rb1 a5
10.Be3 Na6 11.Nd4 Rc8 12.a3 Kh8 13.b3 Nc5 14.Rc1 Ng4 15.Bf4 cxd5 16.cxd5 Nxb3
17.Qxb3 Bxd4 18.h3 Nf6 19.Nb5 Bc5 20.a4 Qe8 21.Rb1 Bb4 22.Qd3 Bxb5 23.axb5 Rc3
24.Qd4 Qc8 25.Bh6 Re8 26.Bg5 Kg7 27.Rfc1 Qc5 28.Bxf6+ exf6 29.Qxc5 Rxc5 30.Rxc5 Bxc5
31.e3 Bb6 32.Rc1 Rxe3 33.Rc8 Re1+ 34.Bf1 a4 35.Ra8 Ra1 36.Rb8 Bc5 37.Rxb7+ Kh6
38.Rb8 Rb1 39.Ra8 a3 40.Ra4 Rb2 41.Bc4 Rxf2 42.Kh1 f4 43.gxf4 Rxf4 44.Kg2 a2  0-1

[Event "Podolsk GMA-qual"]
[Site "Podolsk"]
[Date "1989.??.??"]
[Round "?"]
[White "Rozentalis, Eduardas"]
[Black "Galdunts, Sergey"]
[Result "1/2-1/2"]
[WhiteElo "2505"]
[BlackElo "2440"]

1.d4 f5 2.c4 Nf6 3.g3 g6 4.Bg2 Bg7 5.Nf3 O-O 6.O-O d6 7.Nc3 Qe8 8.b3 h6 9.Bb2 g5
10.d5 Na6 11.Nd4 f4 12.Qc2 Ng4 13.Ne4 Qh5 14.h3 Ne5 15.g4 Qg6 16.Nf3 Nxf3+
17.Bxf3 Bd7 18.Bxg7 Qxg7 19.c5 b6 20.c6 Be8 21.a3 Nc5 22.Nxc5 bxc5 23.b4 Bg6
24.Qc4 Qe5 25.bxc5 Rfb8 26.Rac1 a5 27.Rfe1 Rb2 28.e3 Rf8 29.exf4 Qxf4 30.Qxf4 Rxf4
31.Kg2 Kf8 32.Rc3 a4 33.Kg3 Rb3 34.Ree3 Rb1 35.h4 dxc5 36.hxg5 hxg5 37.Rxc5 Rb3
38.Ra5 Be4 39.Bxe4 Rxe4 40.Rxb3 axb3 41.Rb5 Rd4 42.a4 Rxa4 43.Rxb3 Rd4 44.Rf3+ Kg7
45.Rf5 Kg6 46.Kf3 Ra4 47.Re5 Kf6 48.Re6+ Kf7 49.Re4 Ra3+ 50.Ke2 Ra2+ 51.Ke3 Ra3+
52.Kd4 Rf3 53.Re2 Rf4+ 54.Ke5 Rxg4 55.Ra2 Rg1 56.Ra7 Re1+ 57.Kd4 Rd1+ 58.Kc5 Rc1+
59.Kb5 Rd1 60.Rxc7 Rxd5+ 61.Kb6 Rd2 62.f3 Rb2+ 63.Ka7 Rb3 64.Rb7 Rxf3 65.Rb6 Rc3
66.Kb7 Ke6 67.Rb1 g4 68.c7 Kf5  1/2-1/2

[Event "Rubinstein mem"]
[Site "Polanica Zdroj"]
[Date "1989.??.??"]
[Round "1"]
[White "Siekanski, Janusz"]
[Black "Kuczynski, Robert"]
[Result "0-1"]
[WhiteElo "2340"]
[BlackElo "2450"]

1.Nf3 f5 2.d4 Nf6 3.g3 g6 4.Bg2 Bg7 5.O-O O-O 6.c4 d6 7.Nc3 c6 8.d5 e5 9.dxe6 Bxe6
10.b3 Na6 11.Bb2 Qe7 12.Qc2 Rad8 13.Rad1 Rfe8 14.Nd4 Bf7 15.Rfe1 Nc5 16.e3 Nce4
17.Nxe4 fxe4 18.Ne2 g5 19.h3 Bg6 20.Qc3 Rf8 21.Rd2 Ne8 22.Qc2 Bxb2 23.Qxb2 Nc7
24.Nc3 Na6 25.b4 Qe6 26.Red1 Qxc4 27.Rd4 Qe6 28.Nxe4 Qe5 29.R4d2 Qxb2 30.Rxb2 Bxe4
31.Bxe4 Nc7 32.Kg2 Kg7 33.Bf3 d5 34.Rbd2 Rf6 35.Bg4 Re8 36.Rd4 Nb5 37.R4d3 Nd6
38.f4 gxf4 39.gxf4 Re4 40.a3 Nc4 41.Re1 Rfxf4 42.exf4 Rxe1 43.Bc8 Nd6 44.Bd7 Kf6
45.Kf2 Re4 46.Kf3 h5 47.h4 Re7 48.Bh3 Nf5 49.b5 Nxh4+ 50.Kf2 Nf5 51.bxc6 bxc6
52.Rc3 Nd4 53.f5 h4  0-1

[Event "Rubinstein mem"]
[Site "Polanica Zdroj"]
[Date "1989.??.??"]
[Round "10"]
[White "Haba, Petr"]
[Black "Kuczynski, Robert"]
[Result "1/2-1/2"]
[WhiteElo "2480"]
[BlackElo "2450"]

1.d4 f5 2.g3 Nf6 3.Bg2 g6 4.c4 Bg7 5.Nf3 O-O 6.O-O d6 7.Nc3 c6 8.d5 e6 9.dxe6 Bxe6
10.Qd3 Na6 11.Bf4 Re8 12.Ng5 Ng4 13.Nxe6 Rxe6 14.Rad1 Nc5 15.Qc2 a5 16.h3 Ne5
17.e4 fxe4 18.Nxe4 Nxe4 19.Bxe4 Nf7 20.h4 Qf6 21.Rd2 Rae8 22.Bg2 Bh6 23.Bxh6 Nxh6
24.Bh3 Re5 25.Qb3 Qe7 26.Rfd1 Nf7 27.Qd3 Qc7 28.Qf3 Kg7 29.Bg4 Qe7 30.b3 Qf6
31.Qxf6+ Kxf6 32.f4 Re4 33.Kf2 a4 34.Bf3 Re3 35.Rd3 Rxd3 36.Rxd3 axb3 37.axb3 h5
38.b4 Ra8 39.b5 Ra2+ 40.Ke3 cxb5 41.cxb5 Rb2 42.Bxb7  1/2-1/2

[Event "Rubinstein mem"]
[Site "Polanica Zdroj"]
[Date "1989.??.??"]
[Round "13"]
[White "Gruenberg, Hans Ulrich"]
[Black "Tseitlin, Mikhail S"]
[Result "1/2-1/2"]
[WhiteElo "2475"]
[BlackElo "2460"]

1.d4 f5 2.g3 Nf6 3.Bg2 g6 4.Nf3 Bg7 5.O-O O-O 6.c4 d6 7.Nc3 Nc6 8.d5 Na5
9.Nd2 c5 10.a3 Bd7 11.Qc2 Rc8 12.b3 a6 13.Bb2 b5 14.Rab1 bxc4  1/2-1/2

[Event "Rubinstein mem"]
[Site "Polanica Zdroj"]
[Date "1989.??.??"]
[Round "14"]
[White "Petrosian, Arshak B"]
[Black "Kuczynski, Robert"]
[Result "1-0"]
[WhiteElo "2475"]
[BlackElo "2450"]

1.d4 f5 2.g3 Nf6 3.Bg2 g6 4.Nf3 Bg7 5.O-O O-O 6.c4 d6 7.Nc3 c6 8.d5 e5 9.dxe6 Bxe6
10.b3 Na6 11.Be3 Qe7 12.Rc1 Nc5 13.Bd4 a5 14.Qd2 Rfe8 15.Rfd1 Rad8 16.Qb2 Nfe4
17.Bxg7 Kxg7 18.Nd4 Bf7 19.Nxe4 Nxe4 20.Qa3 d5 21.c5 Ra8 22.Rc2 Qe5 23.Qc1 Be6
24.f3 Nf6 25.Qf4 Bd7 26.Qxe5 Rxe5 27.Kf2 g5 28.Bh3 g4 29.Bg2 Kf7 30.h4 gxh3
31.Bxh3 Kg6 32.Rc3 h5 33.Rh1 Rh8 34.Bf1 h4 35.Rxh4 Rxh4 36.gxh4 f4 37.e3 Nh5
38.exf4 Nxf4 39.Re3 Kf6 40.Rxe5 Kxe5 41.Ke3 Be8 42.a3 Bh5 43.b4 axb4 44.axb4 Bf7
45.Nc2 d4+ 46.Kd2 Bh5 47.Ne1 Nd5 48.Nd3+ Kf6 49.f4 Bg6 50.Bg2 Ne3 51.Bf3 Nc4+
52.Ke2 Na3 53.h5 Bf5 54.Kd2 Nc4+ 55.Ke2 Na3 56.Ne5 Nb1 57.h6 Na3 58.Kd2 Nb1+
59.Kc1 Nc3 60.Kd2 Nb1+ 61.Kc1 Nc3 62.Kb2 Bh7 63.Nd7+ Ke7 64.Nb6 Kf6 65.Bg4 Ne4
66.Bc8 d3 67.Nc4 d2 68.Ne3 Bg6 69.f5 Bh5 70.Kc2 Be2 71.Bxb7 Bb5 72.Bc8 Ke5
73.h7 Kf4 74.h8=Q Kxe3 75.Qh6+ Kd4 76.Qg7+ Ke3 77.Qg1+ Ke2 78.Qg4+ Ke3 79.Qg1+ Ke2
80.Be6  1-0

[Event "Rubinstein mem"]
[Site "Polanica Zdroj"]
[Date "1989.??.??"]
[Round "15"]
[White "Schmidt, Wlodzimierz"]
[Black "Tseitlin, Mikhail S"]
[Result "1/2-1/2"]
[WhiteElo "2460"]
[BlackElo "2460"]

1.Nf3 f5 2.d4 Nf6 3.g3 g6 4.Bg2 Bg7 5.c4 O-O 6.O-O d6 7.Nc3 Nc6 8.d5 Na5
9.Qa4 c5 10.dxc6 bxc6 11.Nd4 c5 12.Nc6 Nxc6 13.Bxc6 Bd7 14.Bxd7 Qxd7 15.Qc2  1/2-1/2